| 000 -LEADER |
| fixed length control field |
00882nam a22001337a 4500 |
| 040 ## - CATALOGING SOURCE |
| Transcribing agency |
rua |
| 082 ## - DEWEY DECIMAL CLASSIFICATION NUMBER |
| Classification number |
RUB TIT 2017 B662 Or.1 |
| 100 ## - MAIN ENTRY--AUTHOR NAME |
| Personal name |
TITH KUNGKEA ទិត គង្គារ |
| 245 ## - TITLE STATEMENT |
| Title |
compara tive growth and yield rubber clones gt1,pr 107, pb 324, and rrim 600 at sopheak nika investment group co, ltd ការប្រៀបធៀបការលូតលាស់ និងទិន្នផលជ័រកៅស៊ូលើ៤ក្លូល GT1,PR 107, PB 324, និងPRIM 600 នៅក្រុមហ៊ុន សុភក្តិ នីកា អ៊ិនវេសមេន គ្រុប ខូ, អិលធីឌី |
| 260 ## - PUBLICATION, DISTRIBUTION, ETC. (IMPRINT) |
| Place of publication |
rua |
| Name of publisher |
phnom penh |
| 300 ## - PHYSICAL DESCRIPTION |
| Number of Pages |
xiv,64p |
| Other physical details |
ill, |
| Dimensions |
29cm |
| 856 ## - ELECTRONIC LOCATION AND ACCESS |
| Uniform Resource Identifier |
https://drive.google.com/file/d/1b5_DgOcSM7U7BZ8mVQjpgnaXclrCXMjj/view?usp=sharing |
| 942 ## - ADDED ENTRY ELEMENTS (KOHA) |
| Koha item type |
RUB |
| 952 ## - LOCATION AND ITEM INFORMATION (KOHA) |
| Withdrawn status [LOCAL, KOHA] |
0 |
| 952 ## - LOCATION AND ITEM INFORMATION (KOHA) |
| Withdrawn status [LOCAL, KOHA] |
0 |
| 952 ## - LOCATION AND ITEM INFORMATION (KOHA) |
| Withdrawn status [LOCAL, KOHA] |
0 |
| 952 ## - LOCATION AND ITEM INFORMATION (KOHA) |
| Withdrawn status [LOCAL, KOHA] |
0 |
| 952 ## - LOCATION AND ITEM INFORMATION (KOHA) |
| Withdrawn status [LOCAL, KOHA] |
0 |